Регионална библиотека "Любен Каравелов" - Русе

Приказки за злояди деца (Запис номер 140507)

MARC детайли
000 -Лидер
Контролно поле с фиксирана дължина 01233nam a2200301 c 4500
003 - Код на организацията, давaща контролен номер
Контролно поле BLK
005 - Дата и час на последна редакция
Контролно поле 20240315140037.0
008 - Елементи от данни с фиксирана дължина
fixed length control field 180409b bul|||||r ||||||| ||bul||
010 ## - Наследен системен номер
LC control number KNG00146574000
040 ## - Източник на каталожния запис
Идентификатор на билиотеката - собственик на записа BLK
041 ## - Код за език
Код за езика на текст/звукозапис или на отделно заглавие Български
Код за езика КДБФ Български
080 ## - УДК
Текстов определител УДК Българска литература
УДК код - определител по УДК 821.163.2
УДК определител -93-34
УДК - код + определител 821.163.2-93-34
100 1# - Редна дума - Автор
Автор Дамянов, Красимир
Авторска отговорност първи автор
R(LIN) 284002
139 ## - Редно поле
Редна дума Дамянов, Красимир
Авторски знак Дам - Д 15
245 10 - Сведения за заглавието
Заглавие Приказки за злояди деца
Редно поле (дума) Красимир Дамянов; худож. Кирил Мавров.
257 ## - Страна на издаване
Страна на създаване/издаване България
260 ## - Област на издателските данни
-- София
Име на издателя, разпространителя и проч. Бълг. писател
Година на издаване 1989
300 ## - Физическа характеристика
Страници 128 с.
Илюстрации и др. с цв. ил.
Размери/Мащаб 21 см
380 ## - Жанр
Жанр Детска худож. лит.
500 ## - Общи забележки
Забележка В кн. художник означен Киро Мавров. - 20 111 тир.
700 1# - Други автори (авторска отговорност)
Лично име Мавров, Кирил
Автороска отговорност (Описва отношението между автора и произведението) худож.
Друга информация Мавров, Киро Петров
9 (RLIN) 370629
852 ## - Местоположение
Форматна сигнатура Цб 261183
856 4# - Електронен адрес и достъп
Електронен формат pdf - файл
Път до файла /url/
856 4# - Електронен адрес и достъп
Електронен формат pdf - файл
Път до файла /url/
942 ## - АРТИКУЛИ
Вид на библиотечния материал Книги
Скрит в OPAC Не
Koha issues (borrowed), all copies 4
944 ## - СЪЗДАВАНЕ И РЕДАКЦИЯ на ЗАПИСА
Създаване/Редакция Създаване
Дата на регистрацията/редакция 19.07.2013
Статус, дата на статуса Мира Стойчева
Служител, извършил регистрацията/редакцията 30532
944 ## - СЪЗДАВАНЕ И РЕДАКЦИЯ на ЗАПИСА
Създаване/Редакция Редакция
Дата на регистрацията/редакция 28.09.2017
Статус, дата на статуса 19.07.2013 - от С1,Р / 19.07.2013
Служител, извършил регистрацията/редакцията Кети_Илиева
999 ## - СИСТЕМНИ КОНТРОЛНИ НОМЕРА
Koha biblionumber 140507
Koha biblioitemnumber 140507
Наличности
Код за отписване Код за изгубен артикул Източник на класификационната схема Код за повреда Коз за рестрикции Код за отдаване Артикулен № Име на библиотеката - собственик Име на библиотеката, в която се намира в момента Статус (Текущо местоположение) Дата на вписване в системата Местоположение - отдел Цена в лева Инвентарен номер Систематично азбучна сигнатура Баркод Номер на екземпляра Цена в евро Служебна бележка Служебен тип на артикула Бележка за публиката
  Не е изгубен Universal Decimal Classification Не е повреден без рестрикции ползва се в читалня 230445 Регионална библиотека "Любен Каравелов" Русе Регионална библиотека "Любен Каравелов" Русе Хранилище 1989-01-01 Хранилище 0.72 533705 Цб 261183 120000533705 1 0.37 Вид: СФ N: стар фонд Дата: 01.01.1989 Книги  
Изтеглен Не е изгубен   Не е повреден без рестрикции заемане за дома 230446 Регионална библиотека "Любен Каравелов" Русе Регионална библиотека "Любен Каравелов" Русе   1989-01-01 Детски отдел 0.72 541167 ДХ 886.7/Д 15 541167 2 0.37 Вид: Сф N: стар фонд Дата: 01.01.1989 Дата инв: 03.11.2015 Бележки инв: Д2015 Книги Отч.N: 41/2017 , Дата: 08.09.2017
  Не е изгубен Universal Decimal Classification Не е повреден без рестрикции заемане за дома 230447 Регионална библиотека "Любен Каравелов" Русе Регионална библиотека "Любен Каравелов" Русе Количка 1989-01-01 Детски отдел 0.72 541169 821.163.2-93/Д 15 120000541169 3 0.37 Вид: Сф N: стар фонд Дата: 01.01.1989 Дата инв: 23.09.2015 Бележки инв: Д2015 Книги  
Изтеглен Не е изгубен   Не е повреден без рестрикции заемане за дома 230448 Регионална библиотека "Любен Каравелов" Русе Регионална библиотека "Любен Каравелов" Русе Детски отдел 1989-01-01 Детски отдел 0.72 541170 ДХ 886.7/Д 15 541170 4 0.37 Вид: Сф N: стар фонд Дата: 01.01.1989 Дата инв: 23.09.2015 Бележки инв: Д2015 Книги  
Vip Innovations Ltd, Rousse, Bulgaria 2025